[Event "Treviso op-C 1st"]
[Site "Treviso"]
[Date "2017.03.19"]
[Round "5.2"]
[White "Perissotto, Mario"]
[Black "Stringhetta, Elio"]
[Result "0-1"]
[WhiteElo "1706"]
[BlackElo "1655"]
[PlyCount "138"]
[EventDate "2017.03.17"]
[EventType "swiss"]
[EventRounds "5"]
[EventCountry "ITA"]
[SourceTitle "EXT 2024"]
[Source "ChessBase"]
[SourceDate "2023.10.10"]
[SourceVersion "1"]
[SourceVersionDate "2023.10.10"]
[SourceQuality "1"]

1. d4 d5 2. c4 c6 3. Nc3 g6 4. e3 Bg7 5. Nf3 Nf6 6. Bd3 Bg4 7. h3 Bxf3 8. Qxf3 e6 9. 0-0 0-0 10. Bd2 Nbd7 11. cxd5 cxd5 12. Rac1 a6 13. Rc2 b5 14. Rfc1 Rc8 15. Qg3 Qb6 16. a3 Nh5 17. Qf3 Qd6 18. g4 Nhf6 19. Ne2 e5 20. Bb4 Qe6 21. Bxf8 Rxc2 22. Bxc2 Bxf8 23. Bb3 e4 24. Qg2 Nb6 25. Nf4 Qd7 26. g5 Ne8 27. f3 Nc4 28. Bxc4 exf3 29. Qxf3 dxc4 30. Qd5 Qe7 31. Kf2 Nd6 32. Kf3 Nf5 33. e4 Nh4+ 34. Kg4 Nf5 35. exf5 Qe3 36. Rc3 Qg1+ 37. Rg3 Qd1+ 38. Kh4 Qd2 39. Kg4 Qd1+ 40. Qf3 Qxd4 41. Rg2 Qe5 42. Nd5 Qd4+ 43. Nf4 Qe5 44. Ne2 Qxb2 45. fxg6 hxg6 46. Qc3 Qb1 47. Rf2 Qe4+ 48. Nf4 Qf5+ 49. Kh4 Be7 50. Qg3 Qc5 51. Rf3 Bd6 52. Qe1 Qc6 53. Qe3 Bc5 54. Qc3 Qe4 55. Kg3 Bd4 56. Qd2 Be5 57. Qd8+ Kg7 58. Qd2 Qf5 59. h4 Qe4 60. Qe3 Qf5 61. Kf2 c3 62. Nd5 Qc2+ 63. Kf1 Qd1+ 64. Kg2 Qxd5 65. Qe2 a5 66. Kf1 b4 67. axb4 axb4 68. Ke1 b3 69. Qg2 c2 0-1

[Event "Treviso op-C 1st"]
[Site "Treviso"]
[Date "2017.03.18"]
[Round "3.3"]
[White "Stringhetta, Elio"]
[Black "Leone, Cataldo"]
[Result "1-0"]
[WhiteElo "1655"]
[BlackElo "1596"]
[PlyCount "139"]
[EventDate "2017.03.17"]
[EventType "swiss"]
[EventRounds "5"]
[EventCountry "ITA"]
[SourceTitle "EXT 2024"]
[Source "ChessBase"]
[SourceDate "2023.10.10"]
[SourceVersion "1"]
[SourceVersionDate "2023.10.10"]
[SourceQuality "1"]

1. d4 d5 2. Bf4 Bf5 3. e3 c6 4. Nf3 h6 5. h3 Nf6 6. Bd3 Bxd3 7. Qxd3 e6 8. c3 Bd6 9. Bxd6 Qxd6 10. Nbd2 Nbd7 11. 0-0 0-0 12. Rfe1 Rac8 13. e4 dxe4 14. Nxe4 Nxe4 15. Rxe4 Nf6 16. Re5 c5 17. Rae1 cxd4 18. Nxd4 Rc5 19. Rxc5 Qxc5 20. Qf3 Qd5 21. Qf4 Qxa2 22. b3 Qa5 23. b4 Qb6 24. Nf3 Rc8 25. Qe5 Qc7 26. Qe3 Qxc3 27. Qxa7 Qxb4 28. Rd1 Nd5 29. Qa1 b6 30. Qe5 Qc3 31. Qd6 Qc5 32. Qe5 Nc3 33. Rd7 Qxe5 34. Nxe5 f6 35. Ng6 Rb8 36. Ne7+ Kh7 37. Nc6 Ra8 38. Nd4 e5 39. Nf5 Kg6 40. Nxg7 Rb8 41. Ne6 b5 42. g4 f5 43. Rd6 Kf7 44. gxf5 Ke7 45. Rc6 Ne2+ 46. Kf1 Nd4 47. Rc5 Nxe6 48. Rxe5 b4 49. Rxe6+ Kd7 50. Re2 Kc6 51. f6 Rf8 52. Re6+ Kb5 53. Re5+ Kc4 54. Re6 b3 55. Rc6+ Kd3 56. Rb6 Kc2 57. Rc6+ Kb1 58. Ke2 Ra8 59. f7 Ra2+ 60. Ke3 Ra8 61. Kd3 Ka2 62. Ra6+ Rxa6 63. f8Q b2 64. Qf7+ Ka1 65. Qg7 Rd6+ 66. Ke4 Rd2 67. Qa7+ Kb1 68. Ke3 Rc2 69. Qa5 Rc3+ 70. Qxc3 1-0

[Event "Mogliano Veneto op-B 34th"]
[Site "Mogliano Veneto"]
[Date "2013.04.25"]
[Round "2"]
[White "Zangrando, Gianpietro"]
[Black "Stringhetta, Elio"]
[Result "1-0"]
[WhiteElo "1784"]
[BlackElo "1680"]
[PlyCount "64"]
[EventDate "2013.04.25"]
[EventType "swiss"]
[EventRounds "6"]
[EventCountry "ITA"]
[SourceTitle "EXT 2015"]
[Source "ChessBase"]
[SourceDate "2014.11.20"]
[SourceVersion "1"]
[SourceVersionDate "2014.11.20"]
[SourceQuality "1"]

1. Nf3 d5 2. d4 g6 3. c4 c6 4. Nc3 Nf6 5. g3 Bg7 6. Bg2 0-0 7. 0-0 Bf5 8. Nh4 Bg4 9. h3 Bd7 10. cxd5 cxd5 11. Kh2 Bc6 12. Nf3 Nbd7 13. Qb3 e6 14. Bf4 Nh5 15. Bg5 Qc7 16. Rac1 Qb8 17. Nb5 a6 18. Nc3 Qd6 19. Bd2 Rfc8 20. a4 Nb8 21. e3 Nd7 22. Na2 Qb8 23. Bb4 Bf8 24. Bxf8 Rxf8 25. Nb4 Nb6 26. Qc3 a5 27. Nd3 Nd7 28. Nde5 f6 29. Nxc6 bxc6 30. Qxc6 Rf7 31. Qxe6 Ng7 32. Qg4 Qxb2 1-0

[Event "Mestre Ragazzini Memorial 2nd"]
[Site "Mestre"]
[Date "2011.05.22"]
[Round "4"]
[White "Zanirato, Stefano"]
[Black "Stringhetta, Elio"]
[Result "1/2-1/2"]
[WhiteElo "1909"]
[BlackElo "1665"]
[PlyCount "83"]
[EventDate "2011.05.20"]
[EventType "swiss"]
[EventRounds "5"]
[EventCountry "ITA"]
[SourceTitle "EXT 2022"]
[Source "ChessBase"]
[SourceDate "2021.10.06"]
[SourceVersion "1"]
[SourceVersionDate "2021.10.06"]
[SourceQuality "1"]

1. e4 c5 2. Nf3 d6 3. Bb5+ Bd7 4. Bxd7+ Nxd7 5. 0-0 Ngf6 6. Re1 e5 7. c3 Be7 8. d4 cxd4 9. cxd4 0-0 10. Nc3 a6 11. a4 Rc8 12. Bg5 Re8 13. Qd2 h6 14. Bxf6 Bxf6 15. Rad1 Nb6 16. b3 Qc7 17. Rc1 Qb8 18. a5 Nd7 19. Nd5 exd4 20. Nxf6+ Nxf6 21. Rxc8 Qxc8 22. Qxd4 Qc6 23. Nd2 Re5 24. Nc4 Rxe4 25. Rxe4 Nxe4 26. f3 Qc5 27. Qxc5 Nxc5 28. Nxd6 Nxb3 29. Nxb7 Kf8 30. Kf2 Ke7 31. Ke3 Kd7 32. Kd3 Kc7 33. Kc3 Kxb7 34. Kxb3 Kc6 35. Kc4 f6 36. h4 h5 37. g4 g6 38. gxh5 gxh5 39. f4 f5 40. Kd4 Kd6 41. Kc4 Kc6 42. Kd4 1/2-1/2